[Event "Niteroi op 1st"]
[Site "Niteroi"]
[Date "2019.09.05"]
[Round "3"]
[White "Rocha, Joao Batista Jose"]
[Black "De Amorim, Walter Rymundo"]
[Result "1/2-1/2"]
[WhiteElo "1857"]
[BlackElo "1480"]
[PlyCount "151"]
[EventDate "2019.09.04"]
[EventType "swiss"]
[EventRounds "7"]
[EventCountry "BRA"]
[SourceTitle "EXT 2020"]
[Source "ChessBase"]
[SourceDate "2019.10.17"]
[SourceVersion "1"]
[SourceVersionDate "2019.10.17"]
[SourceQuality "1"]

1. c4 e5 2. Nc3 d6 3. e4 Nf6 4. d3 c6 5. g3 Be7 6. Bg2 Na6 7. a3 Nc7 8. Nge2 0-0 9. 0-0 Bg4 10. h3 Bxe2 11. Qxe2 Ne6 12. Be3 a6 13. f4 exf4 14. gxf4 Nd7 15. d4 f6 16. Rad1 Qe8 17. Qg4 Nd8 18. Rfe1 Nf7 19. Bf2 Rd8 20. b4 Nh6 21. Qf3 Qf7 22. Qe2 Rfe8 23. d5 Nb8 24. f5 Qf8 25. Kh2 Nf7 26. Bf3 Ne5 27. Bg2 Rc8 28. Bg3 Nbd7 29. Bf2 Kh8 30. Rc1 Qf7 31. a4 g6 32. a5 g5 33. Bd4 Rg8 34. Bf3 Rg7 35. Rg1 Rcg8 36. Bh5 Qf8 37. Rg3 c5 38. bxc5 dxc5 39. Bxe5 Nxe5 40. Kh1 Bd6 41. Rgg1 Qd8 42. Ra1 Re7 43. Ra2 Bc7 44. Rga1 Qd6 45. Rb1 Bb8 46. Rb6 Qd8 47. Rxf6 Reg7 48. Re6 g4 49. f6 Rg5 50. f7 Rxh5 51. fxg8Q+ Kxg8 52. Rxe5 Rxe5 53. Qxg4+ Rg5 54. Qe6+ Kh8 55. Rf2 Be5 56. Ne2 Qg8 57. Qxg8+ Rxg8 58. Rg2 Rxg2 59. Kxg2 Bc7 60. Kf3 Bxa5 61. e5 Bd8 62. Nc3 Ba5 63. Na4 Bb4 64. Ke4 b5 65. cxb5 axb5 66. Nb2 c4 67. Kd4 Kg8 68. Nxc4 bxc4 69. Kxc4 Be1 70. d6 Bg3 71. Kd5 Kf8 72. e6 Ke8 73. Kc6 Bh4 74. Kd5 Bg3 75. Kc6 Bh4 76. Kd5 1/2-1/2

[Event "Rio de Janeiro I IRT do CXG"]
[Site "Rio de Janeiro"]
[Date "2014.02.01"]
[Round "3.7"]
[White "Rocha, Joao Batista Jose"]
[Black "Grilo, Marcos Barbosa"]
[Result "1-0"]
[WhiteElo "1946"]
[BlackElo "1723"]
[PlyCount "97"]
[EventDate "2014.01.25"]
[EventType "swiss"]
[EventRounds "6"]
[EventCountry "BRA"]
[SourceTitle "EXT 2022"]
[Source "ChessBase"]
[SourceDate "2021.10.06"]
[SourceVersion "1"]
[SourceVersionDate "2021.10.06"]
[SourceQuality "1"]

1. d4 Nf6 2. c4 g6 3. g3 Bg7 4. Bg2 0-0 5. Nf3 d6 6. 0-0 e6 7. Bg5 h6 8. Bf4 Nc6 9. Nc3 Nh5 10. Be3 e5 11. d5 Na5 12. b3 b6 13. Rc1 Nb7 14. b4 a5 15. b5 Nf6 16. Na4 Bf5 17. Nh4 Bd7 18. Qc2 Qc8 19. Rfe1 Bh3 20. Bh1 Qe8 21. Bd2 Nh7 22. e4 f5 23. exf5 gxf5 24. f4 e4 25. Bc3 Nf6 26. Qb2 Qf7 27. Bg2 Bg4 28. h3 Bh5 29. Nxf5 Bg6 30. Nxg7 Qxg7 31. g4 Qf7 32. f5 Bh7 33. Bxf6 Qxf6 34. Qxf6 Rxf6 35. Rxe4 Rff8 36. Rce1 Rf7 37. Kh2 Rg7 38. Re6 Rf7 39. Rxh6 Raf8 40. Rhe6 Kg7 41. Re7 Bg8 42. Kg3 Rxe7 43. Rxe7+ Rf7 44. Re3 Rf6 45. Be4 Kf8 46. g5 Rf7 47. f6 Nd8 48. Bg6 Rd7 49. Re8# 1-0

[Event "Rio de Janeiro-ch op"]
[Site "Rio de Janeiro"]
[Date "2011.07.15"]
[Round "2"]
[White "Teixeira, Ricardo da Silva"]
[Black "Rocha, Joao Batista Jose"]
[Result "1-0"]
[WhiteElo "2282"]
[BlackElo "1965"]
[PlyCount "67"]
[EventDate "2011.07.15"]
[EventType "swiss"]
[EventRounds "6"]
[EventCountry "BRA"]
[SourceTitle "CBM 143 Extra"]
[Source "ChessBase"]
[SourceDate "2011.08.29"]
[SourceVersion "1"]
[SourceVersionDate "2011.08.29"]
[SourceQuality "1"]

1. d4 e6 2. e4 d5 3. e5 c5 4. c3 Nc6 5. Be3 cxd4 6. cxd4 Bb4+ 7. Nc3 Qa5 8. Qd2 Bd7 9. Bd3 Nge7 10. Nge2 Nf5 11. 0-0 a6 12. Rac1 0-0 13. a3 Bxc3 14. Rxc3 Nce7 15. Rfc1 Bc6 16. b4 Qd8 17. Ng3 Nxg3 18. hxg3 Nf5 19. Bg5 Qd7 20. Bb1 f6 21. exf6 gxf6 22. Bxf5 exf5 23. Bf4 Rae8 24. Qa2 Kh8 25. a4 Ra8 26. Qb1 Qe6 27. Re3 Qd7 28. b5 axb5 29. axb5 Rac8 30. bxc6 bxc6 31. Qb4 Rf7 32. Rce1 c5 33. dxc5 d4 34. Rd3 1-0

[Event "Rio de Janeiro/RJ I IRT CXG"]
[Site "Rio de Janeiro"]
[Date "2011.02.19"]
[Round "1.1"]
[White "Rocha, Joao Batista Jose"]
[Black "Von Buelow, Georg"]
[Result "0-1"]
[WhiteElo "1976"]
[BlackElo "2395"]
[PlyCount "68"]
[EventDate "2011.02.19"]
[EventType "swiss"]
[EventRounds "7"]
[EventCountry "BRA"]
[SourceTitle "EXT 2022"]
[Source "ChessBase"]
[SourceDate "2021.10.06"]
[SourceVersion "1"]
[SourceVersionDate "2021.10.06"]
[SourceQuality "1"]

1. Nf3 Nf6 2. g3 d5 3. Bg2 g6 4. 0-0 Bg7 5. d3 0-0 6. Nbd2 d4 7. e4 dxe3 8. fxe3 c5 9. Nb3 Qc7 10. e4 b6 11. Bf4 Qd7 12. Ne5 Qd8 13. c3 Bb7 14. a4 Nh5 15. Nc4 Nxf4 16. gxf4 Qc7 17. Qe2 Nd7 18. Ne3 Rad8 19. Nd5 Bxd5 20. exd5 Nf6 21. c4 Ne8 22. Ra2 Nd6 23. Bh3 Kh8 24. Nd2 Nf5 25. Bxf5 gxf5 26. b3 Rg8 27. Kh1 Bf6 28. Qh5 e6 29. Qf3 Rg6 30. Rc2 Rdg8 31. Nb1 Bd4 32. Rcc1 Rg4 33. Na3 Rxf4 34. Qxf4 Rg1+ 0-1

[Event "Rio de Janeiro Ferreira Memorial"]
[Site "Rio de Janeiro"]
[Date "2007.11.24"]
[Round "10"]
[White "Giordano, Guillermo Nicolas"]
[Black "Rocha, Joao Batista Jose"]
[Result "1/2-1/2"]
[WhiteElo "2038"]
[BlackElo "2005"]
[PlyCount "30"]
[EventDate "2007.10.20"]
[EventType "tourn"]
[EventRounds "11"]
[EventCountry "BRA"]
[SourceTitle "EXT 2009"]
[Source "ChessBase"]
[SourceDate "2008.11.26"]
[SourceVersion "1"]
[SourceVersionDate "2008.11.26"]
[SourceQuality "1"]

1. e4 e5 2. Nf3 Nf6 3. Nxe5 d6 4. Nf3 Nxe4 5. d4 d5 6. Bd3 Nf6 7. 0-0 Bd6 8. Re1+ Be6 9. Ng5 Qd7 10. Nxe6 fxe6 11. Bg5 0-0 12. Qe2 h6 13. Bxf6 Rxf6 14. c3 Qf7 15. Nd2 Nd7 1/2-1/2

[Event "Rio de Janeiro Ferreira Memorial"]
[Site "Rio de Janeiro"]
[Date "2007.11.17"]
[Round "8"]
[White "Chaves, Jorge Antonio Torre"]
[Black "Rocha, Joao Batista Jose"]
[Result "1/2-1/2"]
[WhiteElo "2121"]
[BlackElo "2005"]
[PlyCount "112"]
[EventDate "2007.10.20"]
[EventType "tourn"]
[EventRounds "11"]
[EventCountry "BRA"]
[SourceTitle "EXT 2009"]
[Source "ChessBase"]
[SourceDate "2008.11.26"]
[SourceVersion "1"]
[SourceVersionDate "2008.11.26"]
[SourceQuality "1"]

1. e4 c5 2. Nf3 e6 3. d4 cxd4 4. Nxd4 Nc6 5. Nb5 d6 6. c4 a6 7. N5a3 b6 8. Be2 Bb7 9. Nc3 Nf6 10. Be3 Be7 11. 0-0 0-0 12. f4 Qc7 13. Qe1 Kh8 14. Qf2 Nd7 15. Rac1 Nc5 16. Rfd1 f5 17. exf5 Rxf5 18. Bg4 Rff8 19. Bxc5 dxc5 20. Bxe6 Nd4 21. Bd5 Rxf4 22. Qe3 Bg5 23. Qd3 Rh4 24. g3 Bxc1 25. Rxc1 Rh6 26. Rf1 Re8 27. Qe4 Qd8 28. Qg2 Bc8 29. h4 Rf6 30. Ne4 Rxf1+ 31. Qxf1 Rf8 32. Qg2 h6 33. Nb1 Bg4 34. Nbd2 Qd7 35. Nf2 Be6 36. Nd3 Bxd5 37. cxd5 Qb5 38. Nf4 Kg8 39. d6 Qc6 40. Ne4 g5 41. Nd5 Qb5 42. Nef6+ Kg7 43. Nh5+ Kg6 44. Ne7+ Kf7 45. Qd5+ Ke8 46. Ng7+ Kd7 47. Ngf5 Nxf5 48. Nxf5 Qc6 49. Qe5 Rxf5 50. Qxf5+ Kxd6 51. h5 Ke7 52. Qh7+ Kf8 53. Qh8+ Ke7 54. Qg7+ Ke8 55. Qh8+ Kf7 56. Qh7+ Ke8 1/2-1/2

[Event "Rio de Janeiro Ferreira Memorial"]
[Site "Rio de Janeiro"]
[Date "2007.11.03"]
[Round "5"]
[White "Rocha, Joao Batista Jose"]
[Black "De Asis Dirceu, Viana Jr"]
[Result "1/2-1/2"]
[WhiteElo "2005"]
[BlackElo "2266"]
[PlyCount "170"]
[EventDate "2007.10.20"]
[EventType "tourn"]
[EventRounds "11"]
[EventCountry "BRA"]
[SourceTitle "EXT 2009"]
[Source "ChessBase"]
[SourceDate "2008.11.26"]
[SourceVersion "1"]
[SourceVersionDate "2008.11.26"]
[SourceQuality "1"]

1. d4 d6 2. Nf3 Bg4 3. e3 Nf6 4. Bd3 Nbd7 5. 0-0 e5 6. Be2 c6 7. Nbd2 Be7 8. c3 0-0 9. h3 Bh5 10. Nh2 Bxe2 11. Qxe2 Re8 12. Qd1 Bf8 13. b3 Qc7 14. Bb2 Re6 15. Ng4 Rae8 16. Nxf6+ Rxf6 17. Ne4 Rg6 18. Ng3 Qd8 19. c4 e4 20. Rc1 Nf6 21. d5 c5 22. a4 Nd7 23. Bc3 Rg5 24. Qc2 Qe7 25. Qb2 g6 26. Qe2 h5 27. Qb2 Ne5 28. Bxe5 Rxe5 29. b4 b6 30. bxc5 bxc5 31. Rb1 Bg7 32. Qb7 Qxb7 33. Rxb7 R5e7 34. Rfb1 Bc3 35. R1b5 Kg7 36. Ne2 Be5 37. g3 Kf6 38. Kg2 Ba1 39. a5 Be5 40. a6 Ba1 41. Rb1 Be5 42. R1b3 Ba1 43. Rb1 Be5 44. R1b3 Ba1 45. Kf1 Rd8 46. Ke1 Red7 47. Kd2 Ke7 48. Nc1 Rc8 49. R3b5 h4 50. g4 Ke8 51. Nb3 Bf6 52. Na5 Bd8 53. Nc6 Bb6 54. Ke2 Rdc7 55. f3 exf3+ 56. Kxf3 Kd7 57. Rb1 Re8 58. e4 Kc8 59. Rb8+ Kd7 60. Rxe8 Kxe8 61. g5 f6 62. gxf6 Kf7 63. Kg4 Kxf6 64. Kxh4 Rh7+ 65. Kg4 g5 66. Rf1+ Kg6 67. Kg3 Rh4 68. Re1 Kf6 69. Re3 Kg6 70. Kf2 Kf6 71. Rf3+ Kg7 72. Ke3 g4 73. hxg4 Rxg4 74. Kd3 Rg1 75. Re3 Ra1 76. e5 dxe5 77. Rxe5 Rxa6 78. Kc2 Ra4 79. Kb3 Ra1 80. d6 Rd1 81. Re7+ Kf6 82. Rh7 Kg6 83. Rd7 Kf6 84. Nxa7 Bxa7 85. Rxa7 Rxd6 1/2-1/2

[Event "Rio de Janeiro Lendas"]
[Site "Rio de Janeiro"]
[Date "2007.10.12"]
[Round "1"]
[White "Rocha, Joao Batista Jose"]
[Black "Teixeira, Ricardo da Silva"]
[Result "1-0"]
[WhiteElo "2005"]
[BlackElo "2397"]
[PlyCount "101"]
[EventDate "2007.10.12"]
[EventType "tourn"]
[EventRounds "11"]
[EventCountry "BRA"]
[SourceTitle "EXT 2008"]
[Source "ChessBase"]
[SourceDate "2007.11.25"]
[SourceVersion "1"]
[SourceVersionDate "2007.11.25"]
[SourceQuality "1"]

1. d4 Nf6 2. Nf3 g6 3. e3 Bg7 4. Bd3 d6 5. 0-0 0-0 6. Nbd2 Nbd7 7. c3 e5 8. Bc2 b6 9. e4 Bb7 10. d5 Nh5 11. Nb3 a5 12. a4 Bc8 13. Bg5 Qe8 14. Qd2 Nc5 15. Nxc5 bxc5 16. h3 Bd7 17. b3 f6 18. Be3 f5 19. Qd1 f4 20. Bd2 Bf6 21. Nh2 Be7 22. c4 g5 23. Ng4 f3 24. gxf3 Nf4 25. Bxf4 Rxf4 26. Nh6+ Kh8 27. Nf5 Bf6 28. Rb1 Qh5 29. Kg2 Rg8 30. Rh1 Rg6 31. Ng3 Qh6 32. Qe1 Bd8 33. Qxa5 Rgf6 34. Bd1 Rh4 35. Qd2 Rxh3 36. Be2 Rf4 37. a5 g4 38. Qd3 gxf3+ 39. Bxf3 Rfh4 40. a6 Rxh1 41. Rxh1 Rxh1 42. Nxh1 Qc1 43. Qe3 Qa1 44. Qh6 Kg8 45. Ng3 Qxa6 46. Nh5 Kf7 47. Qg7+ Ke8 48. Qg8+ Ke7 49. Qxh7+ Ke8 50. Ng7+ Kf8 51. Ne6+ 1-0

[Event "Rio de Janeiro Rovedo op"]
[Site "Rio de Janeiro"]
[Date "2007.08.25"]
[Round "2"]
[White "Rovedo, Salomao"]
[Black "Rocha, Joao Batista Jose"]
[Result "0-1"]
[WhiteElo "1887"]
[BlackElo "2016"]
[PlyCount "62"]
[EventDate "2007.08.18"]
[EventType "swiss"]
[EventRounds "7"]
[EventCountry "BRA"]
[SourceTitle "CBM 120 Extra"]
[Source "ChessBase"]
[SourceDate "2007.11.01"]
[SourceVersion "1"]
[SourceVersionDate "2007.11.01"]
[SourceQuality "1"]

1. e4 c5 2. Nf3 e6 3. c3 Nf6 4. Bd3 d6 5. Bc2 Nc6 6. d4 cxd4 7. Nxd4 Nxd4 8. Qxd4 Be7 9. Ba4+ Kf8 10. Bg5 h6 11. Bh4 a6 12. Nd2 b5 13. Bc2 e5 14. Qd3 g5 15. Bg3 Be6 16. f3 Nh5 17. Bf2 Nf4 18. Qf1 Qc7 19. Be3 Ng6 20. 0-0-0 Bxa2 21. Nb3 Rc8 22. Qf2 Rb8 23. Rd3 a5 24. Rhd1 Kg7 25. Nd4 exd4 26. Bxd4+ f6 27. b3 a4 28. Kb2 axb3 29. Bxb3 Bxb3 30. Kxb3 Ra8 31. Rb1 Qc4+ 0-1

[Event "Guarapari 2nd"]
[Site "Guarapari"]
[Date "2006.09.05"]
[Round "9"]
[White "Rocha, Joao Batista Jose"]
[Black "Ramon Pita, Vivian"]
[Result "0-1"]
[WhiteElo "2014"]
[BlackElo "2208"]
[PlyCount "114"]
[EventDate "2006.08.28"]
[EventType "swiss"]
[EventRounds "9"]
[EventCountry "BRA"]
[EventCategory "2"]
[SourceTitle "EXT 2007"]
[Source "ChessBase"]
[SourceDate "2006.11.23"]
[SourceVersion "1"]
[SourceVersionDate "2006.11.23"]
[SourceQuality "1"]

1. e4 e5 2. Nf3 Nc6 3. d4 exd4 4. Nxd4 Nf6 5. Nxc6 bxc6 6. Bd3 d5 7. e5 Ng4 8. Qe2 Bc5 9. 0-0 Qe7 10. Bf4 g5 11. Bg3 h5 12. h3 h4 13. Bh2 Nxh2 14. Kxh2 Bd4 15. c3 Qxe5+ 16. Kh1 Qxe2 17. Bxe2 Be5 18. Nd2 Bf5 19. Nb3 Rb8 20. Rad1 Be6 21. Rfe1 Kf8 22. Rd4 Bd6 23. Ra4 c5 24. Bg4 Bxg4 25. Rxg4 f6 26. Re2 Kf7 27. Kg1 Rhe8 28. Rxe8 Rxe8 29. Kf1 c4 30. Nd2 Bf4 31. Nf3 Rb8 32. g3 hxg3 33. fxg3 Be3 34. Ke2 Bc1 35. Rd4 c6 36. b4 cxb3 37. axb3 Rxb3 38. Ra4 Rxc3 39. Rxa7+ Ke6 40. Ra8 Re3+ 41. Kf2 Re4 42. Rc8 c5 43. Rc6+ Kf7 44. Rc7+ Re7 45. Rc6 Be3+ 46. Kf1 c4 47. h4 g4 48. Ne1 Rd7 49. Ke2 Bd4 50. Nc2 Re7+ 51. Kf1 Bb2 52. Nb4 Rd7 53. Nc2 Be5 54. Ne3 Bxg3 55. h5 Rc7 56. Ra6 c3 57. Ra2 d4 0-1

[Event "Guarapari 2nd"]
[Site "Guarapari"]
[Date "2006.08.30"]
[Round "3"]
[White "Lima, Darcy Gustavo Macha"]
[Black "Rocha, Joao Batista Jose"]
[Result "1-0"]
[WhiteElo "2482"]
[BlackElo "2014"]
[PlyCount "55"]
[EventDate "2006.08.28"]
[EventType "swiss"]
[EventRounds "9"]
[EventCountry "BRA"]
[EventCategory "2"]
[SourceTitle "EXT 2007"]
[Source "ChessBase"]
[SourceDate "2006.11.23"]
[SourceVersion "1"]
[SourceVersionDate "2006.11.23"]
[SourceQuality "1"]

1. g3 c5 2. Bg2 Nc6 3. e4 d6 4. Ne2 Nf6 5. c3 g6 6. d4 cxd4 7. cxd4 Bg7 8. Nbc3 0-0 9. h3 Rb8 10. 0-0 Bd7 11. Be3 b6 12. Rc1 Na5 13. b3 e6 14. d5 exd5 15. exd5 Re8 16. Nd4 a6 17. Nc6 Nxc6 18. dxc6 Be6 19. Bf4 Bf8 20. Bg5 Be7 21. Bxf6 Bxf6 22. Ne4 Qe7 23. c7 Rbc8 24. Nxd6 Be5 25. Nxe8 Qxe8 26. Qe2 Qb5 27. Qd2 Kg7 28. Rfe1 1-0